Score 0/20 Timer 02:00
3 Plays Today
Movie Missing Word % Correct
Mission: _____Impossible
97.5%
Top _____Gun
93.4%
A _____ Good MenFew
91.7%
War of the _____Worlds
91.6%
_____ Wide ShutEyes
90.6%
Risky _____Business
90.6%
_____ MaguireJerry
86%
_____ ReportMinority
71%
_____ SkyVanilla
70.9%
_____ on the Fourth of JulyBorn
67.6%
Movie Missing Word % Correct
Far and _____Away
67.2%
Days of _____Thunder
62.5%
_____ with the Vampire: The Vampire ChroniclesInterview
62.3%
All the Right _____Moves
62%
The Color of _____Money
59.1%
_____ and DayKnight
56.7%
The Last _____Samurai
55.8%
_____ ThunderTropic
54.2%
_____ ManRain
37.1%
Lions for _____Lambs
33.9%

Today's Daily Dose

Remove Ads.
Support Sporcle.
Get the best of Sporcle when you Go Orange. This ad-free experience offers more features, more stats, and more fun while also helping to support Sporcle. Thank you for becoming a member.

You're not logged in!

Compare scores with friends on all Sporcle quizzes.
OR
Log In

Show Comments

Extras

Top Quizzes Today


Score Distribution

Your Account Isn't Verified!

In order to create a playlist on Sporcle, you need to verify the email address you used during registration. Go to your Sporcle Settings to finish the process.

Report this User

Report this user for behavior that violates our Community Guidelines.

Details: